000
00287nam a22001337a 4500
003
SGT
020
_a
93-5161-046-2
082
_a
344.066
_b
KAP
100
_a
KAPOOR, N.D.
245
_a
ELEMENTS OF COMPANY LAW
260
_a
DELHI
_b
S.CHAND
_c
2019
300
_a
331
942
_2
ddc
_c
BK
_0
63
999
_c
19059
_d
19059